Normal view MARC view

Entry Personal Name

Number of records used in: 1

001 - CONTROL NUMBER

  • control field: 162770

003 - CONTROL NUMBER IDENTIFIER

  • control field: OSt

005 - DATE AND TIME OF LATEST TRANSACTION

  • control field: 20220923212809.0

008 - FIXED-LENGTH DATA ELEMENTS

  • fixed length control field: 220923|| aca||aabn | a|a d

040 ## - CATALOGING SOURCE

  • Original cataloging agency: OSt
  • Transcribing agency: OSt

100 ## - HEADING--PERSONAL NAME

  • Personal name: रसूल, एस0 गुलाम, संपा

670 ## - SOURCE DATA FOUND

  • Source citation: Work cat.: (OSt)311344: रसूल, एस0 गुलाम, संपा., तुलनात्मक अनुसाधान एवं उसकी समस्याएं, 1984
Copyright @ Delhi University Library System